000 00726nam a2200205Ii 4500
003 JO-AjNU
008 230605s9999||||xx |||||||||||||| ||und||
017 _a2006/4/942
040 _aJO-AjNU
_bara
_erda
_cJO-AjNU
041 _aara
050 1 4 _aBP134 2006
100 3 _aتاليف الجبالي، عصام فوزي؛ مراجعة قاسم عطوة الحجايا,
_eauthor
_921106
245 0 0 _aنظرية التسبيح في القرآن الكريم
264 3 1 _aعمان: دار البشير، 2006
300 _a305ص
336 _atext
_btxt
_2rdacontent
337 _aunmediated
_bn
_2rdamedia
338 _avolume
_bnc
_2rdacarrier
650 4 _aالقران - العبادات - الله - الايمان
_921107
999 _aA7277
_c10845
_d10845